000 01488cam a2200313 a 4500
001 000015867
005 20200929164200.0
008 050711s2004 ck a b 100 0 spa
020 _a9589177166
040 _aDO-SdBNP
_bspa
_cDLC
_dBNPHU
041 1 7 _aspa
_bfre
_2Código de idiomas MARC
082 _a027.4
_bC719m
111 2 _aColoquio Colombo-Francés de Bibliotecas Públicas
_n(1 :
_d2003 :
_cBogotá)
_935729
245 1 0 _aMemorias del primer Coloquio Colombo-Francés de Bibliotecas Públicas :
_bBiblioteca y Sociedad /
_ccoordinador, Marc Sagaert ; editor, Alfonso Mora Jaime ; traducción del francés, María Yolanda Medina.
246 1 0 _aBiblioteca y sociedad
260 _aBogotá, (Colombia) :
_bEmbajada de Francia en Colombia :
_bMinisterio de Cultura de Colombia :
_bBiblioteca Nacional de Colombia,
_c2004.
300 _a148 p. :
_bil. ;
_c21 cm.
500 _aEn el marco de la XVI Feria Internacional del Libro de Bogotá y del mes de Francia."
504 _aIncluye referencias bibliográficas
650 4 _aBibliotecas públicas
_zColombia
_vCONGRESOS
_935730
650 4 _aBibliotecas públicas
_zFrancia
_vCONGRESOS
_935731
650 4 _aBibliotecas públicas
_xAspectos sociales
_vCONGRESOS
_935732
700 1 _aMora Jaime, Alfonso.
_eed.
_922731
700 1 _aMedina, María Yolanda
_etr.
_935583
710 2 _aBiblioteca Nacional de Colombia.
_93774
710 1 _aFrancia
_bEmbajada (Colombia)
_935733
910 _aCatalogación por copia / LC
049 _aBNGR
999 _c15409
_d15409